|
|
|
|
| LEADER |
01263cam a2200361 a 4500 |
| 001 |
nkc20051630611 |
| 003 |
CZ PrNK |
| 005 |
20241112094713.0 |
| 007 |
ta |
| 008 |
060105s2005 xr g 000 f cze d |
| 015 |
|
|
|a cnb001630611
|
| 020 |
|
|
|a 80-7281-216-5
|q (váz.)
|
| 035 |
|
|
|a (OCoLC)190752065
|
| 040 |
|
|
|a KLG001
|b cze
|d BOA001
|
| 041 |
1 |
|
|a cze
|h eng
|
| 072 |
|
7 |
|a 821.111(73)-3
|x Americká próza
|2 Konspekt
|9 25
|
| 080 |
|
|
|a 821.111(73)-31
|2 MRF
|
| 080 |
|
|
|a 13
|2 MRF
|
| 080 |
|
|
|a (0:82-31)
|2 MRF
|
| 100 |
1 |
|
|a Millman, Dan,
|d 1946-
|7 mzk2003171530
|4 aut
|
| 245 |
1 |
0 |
|a Sokrates :
|b příběh o tom, jak se mladý chlapec stane pokojným bojovníkem a pokojný bojovník moudrým mužem /
|c Dan Millman ; [z anglického originálu ... přeložila Věra Klásková]
|
| 260 |
|
|
|a Praha :
|b Eminent,
|c 2005
|
| 300 |
|
|
|a 296 s. ;
|c 21 cm
|
| 650 |
0 |
7 |
|a duchovní život
|7 ph114375
|2 czenas
|
| 650 |
0 |
9 |
|a spiritual life
|2 eczenas
|
| 655 |
|
7 |
|a americké romány
|7 fd131796
|2 czenas
|
| 655 |
|
9 |
|a American fiction
|2 eczenas
|
| 765 |
0 |
|
|t Journey of Socrates
|9 Česky
|
| 910 |
2 |
|
|a BOA001
|b 2-1182.826
|
| 990 |
|
|
|a BK
|
| 995 |
|
|
|a 01
|
| 991 |
|
|
|b 200707
|
| 996 |
6 |
|
|b 2610315891
|c 2-1182.826
|l MZK
|r Sklad / do 1 hodiny
|n 20
|p p.v.
|w 000857656
|u 000010
|a 1
|e BOA001
|j MZK50
|s P
|